000
00271nam a2200121Ia 4500
008
190216s9999||||xx |||||||||||||| ||und||
100
_a
Kunjunni
245
0
_a
Namboodiri Falidangal
260
_b
Current Books
300
_a
96
650
_a
Kathakal
942
_c
BK
999
_c
27949
_d
27949